LEADER 00883nam0-2200301---450 001 990009305320403321 005 20171026144837.0 035 $a000930532 035 $aFED01000930532 035 $a(Aleph)000930532FED01 035 $a000930532 100 $a20110112d1927----km-y0itay50------ba 101 0 $aita 102 $aIT 105 $aa-------001yy 200 1 $aIstituzioni di odontoiatria per Medici e studenti$fSilvio Palazzi, Luigi Magnaghi 210 $aMilano$cSoc. Edit. Libraria$d1927 215 $aVIII, 200 p.$cill.$d23 cm 610 0 $aOdontoiatria 700 1$aPalazzi,$bSilvio$0509903 701 1$aMagnaghi,$bL.$0509904 801 0$aIT$bUNINA$gRICA$2UNIMARC 901 $aBK 912 $a990009305320403321 952 $a90 CCH CHIRURGIA 93$fFMEBC 959 $aFMEBC 996 $aIstituzioni di odontoiatria per Medici e studenti$9770768 997 $aUNINA